000 00472nam a22001577a 4500
999 _c9083
_d9083
003 GBCCL
005 20241126110705.0
008 220405b ||||| |||| 00| 0 eng d
040 _cgbc
082 _aARCH GBC-2021
_bSON
100 _aSonggoumuan, T
_915844
245 _aA study on the practice of divorce among the Paite in Churachandpur and Biblical response to divorce
260 _aNew Lamka:
_bGrace Bible College,
_c2021
300 _axiv, 56p. ;
942 _2ddc
_cTH